Managing health services organizations and systems / (Record no. 60228)

MARC details
000 -LEADER
fixed length control field 00560nam a22001817a 4500
005 - DATE AND TIME OF LATEST TRANSACTION
control field 20260309082540.0
008 - FIXED-LENGTH DATA ELEMENTS--GENERAL INFORMATION
fixed length control field 260309b |||||||| |||| 00| 0 eng d
020 ## - INTERNATIONAL STANDARD BOOK NUMBER
International Standard Book Number 9781878812575
050 ## - LIBRARY OF CONGRESS CALL NUMBER
Classification number RA971
Item number .L66 2000
100 ## - MAIN ENTRY--PERSONAL NAME
Personal name Longest, Beaufort B.
245 ## - TITLE STATEMENT
Title Managing health services organizations and systems /
250 ## - EDITION STATEMENT
Edition statement 4th ed.
260 ## - PUBLICATION, DISTRIBUTION, ETC. (IMPRINT)
Place of publication, distribution, etc Baltimore :
Name of publisher, distributor, etc Health Professions Press,
Date of publication, distribution, etc 2000.
300 ## - PHYSICAL DESCRIPTION
Extent xxix, 882 p. :
Other physical details ill. ;
Dimensions 26 cm.
650 ## - SUBJECT ADDED ENTRY--TOPICAL TERM
Topical term or geographic name as entry element Health facilities
General subdivision Administration.
700 ## - ADDED ENTRY--PERSONAL NAME
Personal name Rakich, Jonathon S.
942 ## - ADDED ENTRY ELEMENTS (KOHA)
Source of classification or shelving scheme Library of Congress Classification
Item type Book
Holdings
Withdrawn status Lost status Source of classification or shelving scheme Damaged status Not for loan Collection code Home library Current library Shelving location Date acquired Source of acquisition Cost, normal purchase price Total Checkouts Full call number Barcode Date last seen Copy number Price effective from Koha item type
    Library of Congress Classification     Non-fiction Bishop Okullu Memorial Library (Limuru Campus) Bishop Okullu Memorial Library (Limuru Campus) General Circulation 09/03/2026 Donations-Pittsburg 922.00   RA971 .L66 2000 073152 09/03/2026 1 09/03/2026 Book